[Event "61st NED-ch"]
[Site "Leeuwarden NED"]
[Date "2005.09.14"]
[Round "7"]
[White "Smeets, Jan"]
[Black "Ernst, Sipke"]
[Result "1-0"]
[WhiteElo "2312"]
[BlackElo "2099"]
[EventDate "2005.09.06"]
[PlyCount "83"]

1.e4 e5 2.Nf3 Nc6 3.Bb5 a6 4.Ba4 Nf6 5.O-O Be7 6.Re1 b5 7.Bb3 d6 8.c3 O-O 
9.d4 Bg4 10.Be3 exd4 11.cxd4 Na5 12.Bc2 Nc4 13.Bc1 c5 14.b3 Nb6 15.Nbd2 
Nfd7 16.Bb2 Bh5 17.h3 Re8 18.Nf1 Bxf3 19.Qxf3 Bf6 20.Rad1 cxd4 21.Bxd4 Rc8
22.Ne3 Re6 23.Rd2 Bxd4 24.Rxd4 Ne5 25.Qe2 Nbd7 26.Red1 Nf6 27.Nf5 Ne8 28.
b4 g6 29.Bb3 gxf5 30.Bxe6 fxe6 31.exf5 Qf6 32.fxe6 Rc3 33.Re4 Kf8 34.e7+ 
Kg7 35.f4 Ng6 36.Qg4 Kh8 37.Qd7 Qf7 38.Rxd6 Kg7 39.f5 Rc2 40.f6+ Kh6 41.
Qe6 Qxe6 42.Rdxe6 1-0

[Event "61st NED-ch"]
[Site "Leeuwarden NED"]
[Date "2005.09.14"]
[Round "7"]
[White "Tiviakov, Sergei"]
[Black "Janssen, Ruud"]
[Result "1/2-1/2"]
[WhiteElo "2599"]
[BlackElo "2207"]
[EventDate "2005.09.06"]
[PlyCount "76"]

1.e4 e5 2.Nf3 Nc6 3.d4 exd4 4.Nxd4 Bc5 5.Nxc6 Qf6 6.Qd2 dxc6 7.Nc3 Bd4 8.
Bc4 Be6 9.Bxe6 fxe6 10.Nd1 O-O-O 11.Qg5 Qf8 12.c3 Bb6 13.Be3 Nf6 14.Bxb6 
axb6 15.f3 h6 16.Qe3 Nd7 17.Nf2 Ne5 18.O-O Nc4 19.Qe2 b5 20.b3 Ne5 21.Qe3 
Qa3 22.f4 Nf7 23.Nd3 b6 24.Nb4 c5 25.Nc6 Rd7 26.f5 Re8 27.e5 Qa8 28.Qf3 
exf5 29.a4 b4 30.cxb4 Nd8 31.b5 Nxc6 32.bxc6 Rde7 33.a5 bxa5 34.Qxf5+ Kb8 
35.Qe4 Re6 36.Qc4 Qxc6 37.Rxa5 Rxe5 38.h3 Re1 1/2-1/2

[Event "61st NED-ch"]
[Site "Leeuwarden NED"]
[Date "2005.09.14"]
[Round "7"]
[White "Van den Doel, Erik"]
[Black "Werle, Jan"]
[Result "1/2-1/2"]
[WhiteElo "2583"]
[BlackElo "2459"]
[EventDate "2005.09.06"]
[PlyCount "125"]

1.e4 e5 2.Bc4 Nf6 3.d3 Nc6 4.Nf3 Be7 5.O-O O-O 6.Re1 d6 7.c3 Na5 8.Bb5 a6 
9.Ba4 c5 10.Nbd2 b5 11.Bc2 Nc6 12.Nf1 Re8 13.h3 Qc7 14.Ne3 Bf8 15.Nh2 Be6 
16.Bb3 Na5 17.Bxe6 fxe6 18.Neg4 Nxg4 19.Qxg4 Nc6 20.Nf3 Qf7 21.Qg3 Be7 22.
Be3 Qh5 23.d4 cxd4 24.cxd4 Bf6 25.Red1 exd4 26.Nxd4 Ne5 27.b3 Rac8 28.Rdc1
d5 29.exd5 exd5 30.Rxc8 Rxc8 31.Rf1 h6 32.Bd2 Qg6 33.Qe3 Qd3 34.f4 Qxe3+ 
35.Bxe3 Nf7 36.Rd1 Nd6 37.Nf3 Nf5 38.Bf2 Ne7 39.Kf1 Rc2 40.Rd2 Rxd2 41.
Nxd2 Kf7 42.Ke2 Ke6 43.g4 g6 44.Bc5 Nc6 45.Ke3 h5 46.Nf3 hxg4 47.hxg4 Bb2 
48.Ne1 Bf6 49.Nd3 Bd8 50.Kf3 Bc7 51.Ke3 Bd8 52.Bd4 Be7 53.Bb2 Bd6 54.Ne1 
Bc5+ 55.Kf3 Bd6 56.Nd3 Nb4 57.Nxb4 Bxb4 58.Be5 Be7 59.Ke3 Bc5+ 60.Kd3 Bb6 
61.Bd4 Bc7 62.Be3 Bd8 63.Bd4 1/2-1/2

[Event "61st NED-ch"]
[Site "Leeuwarden NED"]
[Date "2005.09.15"]
[Round "8"]
[White "Ernst, Sipke"]
[Black "Van den Doel, Erik"]
[Result "1/2-1/2"]
[WhiteElo "2099"]
[BlackElo "2583"]
[EventDate "2005.09.06"]
[PlyCount "92"]

1.d4 d5 2.c4 dxc4 3.e4 Nf6 4.e5 Nd5 5.Bxc4 Nb6 6.Bb3 Nc6 7.Ne2 Bf5 8.Nbc3 
e6 9.O-O Qd7 10.Be3 Nb4 11.a3 N4d5 12.Bd2 Bg6 13.Bc2 Bxc2 14.Qxc2 Qc6 15.
Rac1 Nxc3 16.Nxc3 O-O-O 17.Be3 f5 18.Rfd1 Be7 19.b4 g5 20.f3 h5 21.d5 Nxd5
22.Rxd5 exd5 23.b5 Qd7 24.Bxa7 b6 25.Qa4 Qe6 26.Qa6+ Kd7 27.Qb7 Ke8 28.
Qxc7 Rc8 29.Nxd5 Kf7 30.Nxe7 Rxc7 31.Rxc7 Qxe5 32.Nd5+ Ke6 33.Re7+ Kxd5 
34.Rxe5+ Kxe5 35.Bxb6 Ra8 36.Bc7+ Kd5 37.b6 Kc6 38.h3 Rxa3 39.Bd8 g4 40.
hxg4 fxg4 41.Kf2 gxf3 42.gxf3 Ra8 43.Bc7 Rg8 44.f4 h4 45.f5 Rg5 46.Kf3 
Rxf5+ 1/2-1/2

[Event "61st NED-ch"]
[Site "Leeuwarden NED"]
[Date "2005.09.15"]
[Round "8"]
[White "Janssen, Ruud"]
[Black "Smeets, Jan"]
[Result "0-1"]
[WhiteElo "2207"]
[BlackElo "2312"]
[EventDate "2005.09.06"]
[PlyCount "94"]

1.d4 d5 2.c4 c6 3.Nc3 e6 4.e3 Nf6 5.Nf3 Nbd7 6.Qc2 Bd6 7.g4 h6 8.Rg1 e5 9.
cxd5 cxd5 10.Bd2 e4 11.Nb5 Bb8 12.Rc1 O-O 13.g5 exf3 14.gxf6 Nxf6 15.Bb4 
Re8 16.Nc7 Bxc7 17.Qxc7 Ne4 18.Bd3 Qh4 19.Bxe4 Qxe4 20.Qc2 Qh4 21.Rg3 Qxh2
22.Bd6 Qh5 23.Kd2 Bf5 24.Qd1 Be4 25.Be5 g5 26.Qh1 Qxh1 27.Rxh1 Rxe5 28.
dxe5 Kg7 29.Rc1 Kg6 30.Rc7 h5 31.Rxb7 Rc8 32.Rxa7 Rc2+ 33.Ke1 Re2+ 34.Kf1 
Rxb2 35.Kg1 Rb1+ 36.Kh2 Rf1 37.Ra6+ Kf5 38.Rf6+ Kxe5 39.Rxf7 g4 40.Rg1 
Rxf2+ 41.Kg3 Rxa2 42.Rc1 Rg2+ 43.Kh4 Re2 44.Re7+ Kd6 45.Rec7 Rxe3 46.Kxh5 
f2 47.Kxg4 Re1 0-1

[Event "61st NED-ch"]
[Site "Leeuwarden NED"]
[Date "2005.09.15"]
[Round "8"]
[White "Van Wely, Loek"]
[Black "Stellwagen, Daniel"]
[Result "0-1"]
[WhiteElo "2714"]
[BlackElo "2384"]
[EventDate "2005.09.06"]
[PlyCount "100"]

1.d4 Nf6 2.c4 g6 3.Nc3 Bg7 4.e4 d6 5.Nf3 O-O 6.Be2 e5 7.O-O Nc6 8.d5 Ne7 
9.b4 Nh5 10.Re1 f5 11.Ng5 Nf6 12.f3 c6 13.Kh1 h6 14.Ne6 Bxe6 15.dxe6 Ne8 
16.Qb3 Nc7 17.c5 d5 18.exd5 cxd5 19.Bb2 Qe8 20.a4 a6 21.Rad1 Rd8 22.Nxd5 
Rxd5 23.Bc4 Rxd1 24.Rxd1 Qb8 25.Rd7 Bf6 26.f4 b5 27.cxb6 Qxb6 28.fxe5 Qf2 
29.Qd1 Bg5 30.Bd4 Qh4 31.Rxc7 Rd8 32.Rd7 Rc8 33.Bf1 Rc1 34.Qe2 Qe4 35.Bg1 
Qb1 36.Qxa6 Rxf1 37.Qb6 Kh8 38.a5 Re1 39.Qc5 Rc1 40.Qb6 Re1 41.Rd8+ Kg7 
42.Re8 h5 43.Qc5 Rc1 44.Qd4 Qe4 45.Qa7 Qxb4 46.a6 f4 47.Qf2 Qb5 48.Ra8 Rf1
49.Qd4 f3 50.gxf3 Qe2 0-1

[Event "61st NED-ch"]
[Site "Leeuwarden NED"]
[Date "2005.09.15"]
[Round "8"]
[White "Werle, Jan"]
[Black "l`Ami, Erwin"]
[Result "1-0"]
[WhiteElo "2459"]
[BlackElo "2344"]
[EventDate "2005.09.06"]
[PlyCount "77"]

1.Nf3 d5 2.d4 c6 3.c4 Nf6 4.Nc3 e6 5.Bg5 dxc4 6.e4 b5 7.e5 h6 8.Bh4 g5 9.
Nxg5 hxg5 10.Bxg5 Nbd7 11.g3 Bb7 12.Bg2 Qb6 13.exf6 O-O-O 14.O-O Bh6 15.
Be3 c5 16.dxc5 Nxc5 17.Bxc5 Qxc5 18.Bxb7+ Kxb7 19.Qf3+ Qc6 20.Ne4 Rd4 21.
Rfe1 Rhd8 22.Re2 R8d5 23.a3 a5 24.h4 b4 25.axb4 axb4 26.Kh2 Kb6 27.Qh1 Ra5
28.Rxa5 Kxa5 29.f3 Kb5 30.Qa1 Qa6 31.Qg1 Qb6 32.Kg2 Rd3 33.Qxb6+ Kxb6 34.
g4 Bf4 35.g5 c3 36.bxc3 bxc3 37.Rc2 Bd2 38.Kf2 Kb5 39.h5 1-0

[Event "61st NED-ch"]
[Site "Leeuwarden NED"]
[Date "2005.09.16"]
[Round "9"]
[White "l`Ami, Erwin"]
[Black "Ernst, Sipke"]
[Result "1-0"]
[WhiteElo "2344"]
[BlackElo "2099"]
[EventDate "2005.09.06"]
[PlyCount "77"]

1.e4 e5 2.Nf3 Nc6 3.Bb5 a6 4.Bxc6 dxc6 5.O-O f6 6.d4 Bg4 7.dxe5 Qxd1 8.
Rxd1 fxe5 9.Rd3 Bd6 10.Nbd2 b5 11.b3 Ne7 12.Bb2 Ng6 13.g3 O-O 14.Kg2 Rad8 
15.h3 Bc8 16.Rd1 Rde8 17.c4 Bc5 18.Rc1 b4 19.Nf1 Rf4 20.Re1 Ref8 21.N1h2 
R4f6 22.Ng4 R6f7 23.Re2 h5 24.Ngxe5 Nxe5 25.Bxe5 g5 26.Nd4 Re8 27.f4 gxf4 
28.gxf4 Rd7 29.Rg3+ Kf8 30.Nf3 Rd1 31.Rg5 h4 32.Bg7+ Kf7 33.Rxc5 Kxg7 34.
Nxh4 Rd3 35.Nf5+ Kh8 36.Ng3 Rf8 37.Rh5+ Kg8 38.f5 Kf7 39.Rh7+ 1-0

[Event "61st NED-ch"]
[Site "Leeuwarden NED"]
[Date "2005.09.16"]
[Round "9"]
[White "Smeets, Jan"]
[Black "Nijboer, Friso"]
[Result "1/2-1/2"]
[WhiteElo "2312"]
[BlackElo "2565"]
[EventDate "2005.09.06"]
[PlyCount "76"]

1.e4 c5 2.Nf3 d6 3.d4 cxd4 4.Nxd4 Nf6 5.Nc3 Nc6 6.Be2 e5 7.Nb3 Be7 8.O-O 
O-O 9.Be3 a5 10.Nd2 d5 11.Nxd5 Nxd5 12.exd5 Qxd5 13.Nc4 Qxd1 14.Rfxd1 Be6 
15.c3 f5 16.a4 e4 17.Bb6 Kf7 18.Nd6+ Bxd6 19.Rxd6 Ne5 20.Bd4 Nc6 21.Bxg7 
Kxg7 22.Rxe6 Rad8 23.f3 Rd2 24.Re1 Rf6 25.Rxf6 Kxf6 26.fxe4 fxe4 27.Bb5 
Ke5 28.Re2 Rd1+ 29.Kf2 Ne7 30.Bc4 Nf5 31.g3 h5 32.Bf7 h4 33.Bg6 hxg3+ 34.
hxg3 Nd6 35.Re1 Rd2+ 36.Re2 Rd1 37.Re1 Rd3 38.Re2 Rd1 1/2-1/2

[Event "61st NED-ch"]
[Site "Leeuwarden NED"]
[Date "2005.09.16"]
[Round "9"]
[White "Stellwagen, Daniel"]
[Black "Werle, Jan"]
[Result "1-0"]
[WhiteElo "2384"]
[BlackElo "2459"]
[EventDate "2005.09.06"]
[PlyCount "71"]

1.e4 e5 2.Nf3 Nc6 3.Bb5 a6 4.Ba4 Nf6 5.O-O Be7 6.Bxc6 dxc6 7.Qe1 Nd7 8.b3 
O-O 9.Bb2 f6 10.d4 exd4 11.Nxd4 Nc5 12.Nd2 Qe8 13.Qe3 Bd7 14.Rae1 Qh5 15.
b4 Ne6 16.Qb3 Qf7 17.Nf5 Rfe8 18.e5 fxe5 19.Nxe7+ Rxe7 20.Rxe5 Rae8 21.
Rfe1 Rf8 22.Nf3 Ree8 23.R5e2 Qf5 24.h3 Kh8 25.Qc3 Qf6 26.Qd2 Qe7 27.Nd4 
Qf7 28.Nxe6 Rxe6 29.Rxe6 Bxe6 30.Re3 Rg8 31.Rg3 Bxa2 32.h4 Qh5 33.Qd7 Qf7 
34.Qd2 Qd5 35.Qh6 Qe6 36.Bxg7+ 1-0

[Event "61st NED-ch"]
[Site "Leeuwarden NED"]
[Date "2005.09.16"]
[Round "9"]
[White "Tiviakov, Sergei"]
[Black "Van Wely, Loek"]
[Result "1/2-1/2"]
[WhiteElo "2599"]
[BlackElo "2714"]
[EventDate "2005.09.06"]
[PlyCount "92"]

1.e4 c5 2.c3 d5 3.exd5 Qxd5 4.d4 e6 5.Nf3 Nf6 6.Na3 Qd8 7.Nc2 Qc7 8.g3 b6 
9.dxc5 Bxc5 10.Bf4 Qc6 11.Bg2 Bb7 12.Ncd4 Bxd4 13.Qxd4 O-O 14.O-O Nbd7 15.
Qd6 Qxd6 16.Bxd6 Rfc8 17.Rfd1 Bd5 18.Rd4 h6 19.g4 Rc6 20.Bg3 Rac8 21.h3 
Rc4 22.Rxc4 Rxc4 23.Nd2 Rc8 24.f3 Nc5 25.b3 Rd8 26.Kf1 Bb7 27.Ke2 Nd5 28.
Rc1 e5 29.Bf1 g5 30.b4 Nf4+ 31.Ke3 Ncd3 32.Rb1 Ba6 33.c4 b5 34.cxb5 Bxb5 
35.Rb3 Nd5+ 36.Ke4 N5xb4 37.Bxd3 Bxd3+ 38.Ke3 Nc2+ 39.Kf2 f6 40.h4 Rd7 41.
h5 Kf7 42.Rc3 Bh7 43.Ke2 Nd4+ 44.Ke1 Nc2+ 45.Ke2 Nd4+ 46.Ke1 Nc2+ 1/2-1/2

[Event "61st NED-ch"]
[Site "Leeuwarden NED"]
[Date "2005.09.16"]
[Round "9"]
[White "Van den Doel, Erik"]
[Black "Janssen, Ruud"]
[Result "0-1"]
[WhiteElo "2583"]
[BlackElo "2207"]
[EventDate "2005.09.06"]
[PlyCount "80"]

1.e4 e5 2.Nf3 Nf6 3.Nxe5 d6 4.Nf3 Nxe4 5.d4 d5 6.Bd3 Nc6 7.O-O Be7 8.c4 
Nb4 9.Be2 O-O 10.Nc3 Bf5 11.a3 Nxc3 12.bxc3 Nc6 13.cxd5 Qxd5 14.Re1 Rfe8 
15.Bf4 Rac8 16.Qc1 Bd6 17.Be3 Qe4 18.Ra2 Na5 19.c4 c5 20.Qc3 b6 21.d5 Bg6 
22.h3 Qf5 23.Bf1 Re7 24.Rd2 Rce8 25.Be2 Qd7 26.Rb2 Bh5 27.Rbb1 Bxf3 28.
Bxf3 Be5 29.Qc2 Bf4 30.Bg4 Qd6 31.Qc3 Bxe3 32.Rxe3 Rxe3 33.fxe3 Qe5 34.
Qxe5 Rxe5 35.d6 Kf8 36.Rf1 f6 37.Rd1 Ke8 38.d7+ Kd8 39.Rd6 Nxc4 40.Rc6 f5 
0-1